Normal view
MARC view
- إعداد وتقديم أبو مطر، أحمد
Entry Personal Name
001 - CONTROL NUMBER
- control field: 50267
003 - CONTROL NUMBER IDENTIFIER
- control field: JO-AjAnu
005 - DATE AND TIME OF LATEST TRANSACTION
- control field: 20230606082258.0
008 - FIXED-LENGTH DATA ELEMENTS
- fixed length control field: 230606|| aca||aabn | a|a d
040 ## - CATALOGING SOURCE
- Original cataloging agency: JO-AjAnu
- Transcribing agency: JO-AjAnu
100 ## - HEADING--PERSONAL NAME
- Personal name: إعداد وتقديم أبو مطر، أحمد
670 ## - SOURCE DATA FOUND
- Source citation: Work cat.: (JO-AjAnu)25700: إعداد وتقديم أبو مطر، أحمد, author, حزب الله: حزب الله الوجه الاحر= Hezbollah The other Face